[Event "Angers op 9th"]
[Site "Angers"]
[Date "2014.05.09"]
[Round "2"]
[White "Delorme, Alban"]
[Black "Malin, Cedric"]
[Result "1-0"]
[WhiteElo "2285"]
[BlackElo "1977"]
[PlyCount "70"]
[EventDate "2014.05.09"]
[EventType "swiss"]
[EventRounds "6"]
[EventCountry "FRA"]
[SourceTitle "CBM 160 Extra"]
[Source "ChessBase"]
[SourceDate "2014.07.01"]
[SourceVersion "1"]
[SourceVersionDate "2014.07.01"]
[SourceQuality "1"]

1. e4 g6 2. d4 Bg7 3. Nc3 a6 4. a4 d6 5. f4 Nf6 6. Nf3 c5 7. dxc5 Qa5 8. Bd3 Qxc5 9. Qe2 Nc6 10. Be3 Qa5 11. 0-0 0-0 12. h3 Nh5 13. Qe1 e6 14. g4 Nf6 15. Qh4 Bd7 16. Nd2 Qd8 17. f5 Ne8 18. g5 exf5 19. exf5 Bxf5 20. Bxf5 gxf5 21. Nd5 Ne5 22. Rxf5 Ng6 23. Qf2 Rc8 24. c3 Ne7 25. Ne4 Nxd5 26. Rxd5 Qe7 27. Ng3 f6 28. Rf5 fxg5 29. Bxg5 Qd7 30. Re1 Rc5 31. Rxf8+ Bxf8 32. Qf4 Ng7 33. Ne4 Qxh3 34. Nxc5 dxc5 35. Rf1 Nf5 1-0

[Event "FRA-chT3 0405"]
[Site "France"]
[Date "2004.11.07"]
[Round "3"]
[White "Malin, Cedric"]
[Black "Le Corre, Patrick"]
[Result "1-0"]
[WhiteElo "1900"]
[BlackElo "2039"]
[PlyCount "57"]
[EventDate "2004.10.10"]
[EventType "team"]
[EventRounds "9"]
[EventCountry "FRA"]
[SourceTitle "EXT 2007"]
[Source "ChessBase"]
[SourceDate "2006.11.23"]
[SourceVersion "1"]
[SourceVersionDate "2006.11.23"]
[SourceQuality "1"]

1. Nf3 Nf6 2. c4 g6 3. g3 Bg7 4. Bg2 0-0 5. Nc3 d5 6. cxd5 Nxd5 7. 0-0 e5 8. Qb3 c6 9. Rd1 Nxc3 10. bxc3 Qc7 11. Rb1 h6 12. d4 Nd7 13. Ba3 Re8 14. Nh4 Nb6 15. e4 exd4 16. cxd4 Bg4 17. Rd2 g5 18. Ng6 Be6 19. d5 cxd5 20. exd5 Bf5 21. d6 Qd7 22. Ne7+ Rxe7 23. dxe7 Qxd2 24. Rd1 Qe2 25. Bf3 Qe5 26. Rd8+ Kh7 27. Qxf7 Bh3 28. Qg8+ Kg6 29. e8Q+ 1-0